Sociology (Record no. 1416)

000 -LEADER
fixed length control field 00505nam a22002057a 4500
001 - CONTROL NUMBER
control field 1416
003 - CONTROL NUMBER IDENTIFIER
control field BD-DhUET
008 - FIXED-LENGTH DATA ELEMENTS--GENERAL INFORMATION
fixed length control field 140907b xxu||||| |||| 00| 0 eng d
020 ## - INTERNATIONAL STANDARD BOOK NUMBER
International Standard Book Number 9780073125817
040 ## - CATALOGING SOURCE
Transcribing agency 0
Modifying agency BD-DhUET
082 ## - DEWEY DECIMAL CLASSIFICATION NUMBER
Classification number 301
Item number SCH/2007
100 ## - MAIN ENTRY--PERSONAL NAME
Personal name Schaefer, Richard T.
245 ## - TITLE STATEMENT
Title Sociology
Statement of responsibility, etc. by Richard T. Schaefer
250 ## - EDITION STATEMENT
Edition statement 10th ed.
260 ## - PUBLICATION, DISTRIBUTION, ETC. (IMPRINT)
Place of publication, distribution, etc. New York:
Name of publisher, distributor, etc. McGraw-Hill,
Date of publication, distribution, etc. 2007.
300 ## - PHYSICAL DESCRIPTION
Extent xxxiv,542p.
504 ## - BIBLIOGRAPHY, ETC. NOTE
Bibliography, etc Includes bibliographies
650 #0 - SUBJECT ADDED ENTRY--TOPICAL TERM
Topical term or geographic name as entry element Sociology
942 ## - ADDED ENTRY ELEMENTS (KOHA)
Koha item type General Book
Holdings
Koha date last borrowed Date acquired Koha item type Koha date last seen Source of classification or shelving scheme Damaged status Not for loan Koha issues (times borrowed) Price effective from Sublocation or collection (holding branch) Koha normalized classification for sorting Lost status Shelving location Location (home branch) Koha full call number Piece designation (barcode) Copy number Withdrawn status
2023-06-182014-09-07General Book2026-01-18   62014-09-07Central Library, BUET301SCH2007 Circulation sectionCentral Library, BUET301/SCH/20071033791 
2023-06-062014-09-07General Book2023-11-18   62014-09-07Central Library, BUET301SCH2007 Circulation sectionCentral Library, BUET301/SCH/20071033772 
2024-05-262014-09-07General Book2024-06-03   92014-09-07Central Library, BUET301SCH2007 Circulation sectionCentral Library, BUET301/SCH/20071033783